000 00672nam a2200241Ia 4500
003 OSt
005 20220918211054.0
006 a|||||r|||| 00| 0
007 ta
008 220917b |||||||| |||| 00| 0 eng d
024 _a123,205
037 _cTextual
040 _aARTS
_cARTS
_beng
041 _2eng
_aeng
082 _aWxM93:g, M8
100 _aJohari J C
245 0 _aM N Roy
_b the great radical humanist , political biography and socio political ideas
260 _aNew Delhi
_bSterling
_c1988
300 _aviii,244p.
_ccm.
650 _aPOLITICAL SCIENCE
942 _hWxM93:g, M8
_cTEXL
_2CC
999 _c246394
_d246394